|
|
|
|
| LEADER |
02882nam a22006015i 4500 |
| 001 |
978-3-540-31766-1 |
| 003 |
DE-He213 |
| 005 |
20151204153840.0 |
| 007 |
cr nn 008mamaa |
| 008 |
100301s2006 gw | s |||| 0|eng d |
| 020 |
|
|
|a 9783540317661
|9 978-3-540-31766-1
|
| 024 |
7 |
|
|a 10.1007/3-540-31766-X
|2 doi
|
| 040 |
|
|
|d GrThAP
|
| 050 |
|
4 |
|a QA75.5-76.95
|
| 072 |
|
7 |
|a UY
|2 bicssc
|
| 072 |
|
7 |
|a UYA
|2 bicssc
|
| 072 |
|
7 |
|a COM014000
|2 bisacsh
|
| 072 |
|
7 |
|a COM031000
|2 bisacsh
|
| 082 |
0 |
4 |
|a 004.0151
|2 23
|
| 100 |
1 |
|
|a Michels, Kai.
|e author.
|
| 245 |
1 |
0 |
|a Fuzzy Control
|h [electronic resource] :
|b Fundamentals, Stability and Design of Fuzzy Controllers /
|c by Kai Michels, Frank Klawonn, Rudolf Kruse, Andreas Nürnberger.
|
| 264 |
|
1 |
|a Berlin, Heidelberg :
|b Springer Berlin Heidelberg,
|c 2006.
|
| 300 |
|
|
|a X, 402 p.
|b online resource.
|
| 336 |
|
|
|a text
|b txt
|2 rdacontent
|
| 337 |
|
|
|a computer
|b c
|2 rdamedia
|
| 338 |
|
|
|a online resource
|b cr
|2 rdacarrier
|
| 347 |
|
|
|a text file
|b PDF
|2 rda
|
| 490 |
1 |
|
|a Studies in Fuzziness and Soft Computing,
|x 1434-9922 ;
|v 200
|
| 505 |
0 |
|
|a Fundamentals of Fuzzy Systems -- Fundamentals of Control Theory -- Design of Fuzzy Controllers -- Stability Analysis of Fuzzy Controllers -- Parametrization and Optimization of Fuzzy Controllers.
|
| 520 |
|
|
|a The book provides a critical discussion of fuzzy controllers from the perspective of classical control theory. Special emphases are placed on topics that are of importance for industrial applications, like (self-) tuning of fuzzy controllers, optimisation and stability analysis. The book is written as a textbook for graduate students as well as a comprehensive reference book about fuzzy control for researchers and application engineers. Starting with a detailed introduction to fuzzy systems and control theory the reader is guided to up-to-date research results.
|
| 650 |
|
0 |
|a Computer science.
|
| 650 |
|
0 |
|a Operations research.
|
| 650 |
|
0 |
|a Decision making.
|
| 650 |
|
0 |
|a Computers.
|
| 650 |
|
0 |
|a Artificial intelligence.
|
| 650 |
|
0 |
|a Applied mathematics.
|
| 650 |
|
0 |
|a Engineering mathematics.
|
| 650 |
1 |
4 |
|a Computer Science.
|
| 650 |
2 |
4 |
|a Theory of Computation.
|
| 650 |
2 |
4 |
|a Appl.Mathematics/Computational Methods of Engineering.
|
| 650 |
2 |
4 |
|a Artificial Intelligence (incl. Robotics).
|
| 650 |
2 |
4 |
|a Applications of Mathematics.
|
| 650 |
2 |
4 |
|a Operation Research/Decision Theory.
|
| 700 |
1 |
|
|a Klawonn, Frank.
|e author.
|
| 700 |
1 |
|
|a Kruse, Rudolf.
|e author.
|
| 700 |
1 |
|
|a Nürnberger, Andreas.
|e author.
|
| 710 |
2 |
|
|a SpringerLink (Online service)
|
| 773 |
0 |
|
|t Springer eBooks
|
| 776 |
0 |
8 |
|i Printed edition:
|z 9783540317654
|
| 830 |
|
0 |
|a Studies in Fuzziness and Soft Computing,
|x 1434-9922 ;
|v 200
|
| 856 |
4 |
0 |
|u http://dx.doi.org/10.1007/3-540-31766-X
|z Full Text via HEAL-Link
|
| 912 |
|
|
|a ZDB-2-ENG
|
| 950 |
|
|
|a Engineering (Springer-11647)
|